What i engineering (Record no. 14227)

MARC details
000 -LEADER
fixed length control field 00215nam a22001097a 4500
082 ## - DEWEY DECIMAL CLASSIFICATION NUMBER
Classification number 620.0023KEV
100 ## - MAIN ENTRY--AUTHOR NAME
Personal name Kevin
245 ## - TITLE STATEMENT
Title What i engineering
260 ## - PUBLICATION, DISTRIBUTION, ETC. (IMPRINT)
Place of publication London
Name of publisher Edward
Year of publication 1987
300 ## - PHYSICAL DESCRIPTION
Number of Pages 85
942 ## - ADDED ENTRY ELEMENTS (KOHA)
Koha item type Books
Holdings
Withdrawn status Lost status Home library Current library Date acquired Cost, normal purchase price Full call number Accession Number Koha item type
    Central Library, QUEST, Nawabshah Central Library, QUEST, Nawabshah 09/10/2015 127.40 620.0023KEV 12327 Books